Szczegóły MARC21

Wielka encyklopedia geografii świata T.20, Polska /

005 -DATA I CZAS OSTATNIEJ MODYFIKACJI [,]
    • @
    • pole kontrolne
    • 20070315155141.9
020 -Międzynarod. znormalizowany nr książki - ISBN [ , ]
    • a
    • Numer ISBN
    • 8387621919 Find
040 -Instytucja sporządzająca opis [ , ]
    • a
    • Instytucja, która sporządziła opis (NP)
    • SZCZ U
    • c
    • Instytucja, która sporządziła rekord (NP)
    • SZCZ U
041 -Język dokumentu [0, ]
    • a
    • Język tekstu (P)
    • polski
    • h
    • Język tekstu oryginalnego i/lub pośredniego (P)
    • polski
942 -Rodzaj dokumentu [ , ]
    • c
    • Rodzaj dokumentu
    • Książka
245 -Strefa tytułu i oznaczenia odpowiedzialności [0, ]
    • a
    • Tytuł
    • Wielka encyklopedia geografii świata Find
    • n
    • Oznaczenie części (P)
    • T.20,
    • p
    • Nazwa części (P)
    • Polska /
    • c
    • Pozostałe elementy strefy tytułu i oznaczenia odpowiedzialności (NP)
    • [kom. nauk. Stefan Kozarski i in.].
260 -Strefa adresu wydawniczego [ , ]
    • a
    • Miejsce wydania (P)
    • Poznań :
    • b
    • Nazwa wydawcy (P)
    • Kurpisz,
    • c
    • Data wydania (P)
    • 2000.
300 -Strefa opisu fizycznego [ , ]
    • a
    • Określenie formy książki i/lub objętość (NP)
    • VI, 367 s :
    • b
    • Oznaczenie ilustracji (NP)
    • il., fot., mapki :
    • c
    • Format (NP)
    • 30 cm.
500 -Uwaga ogólna [ , ]
    • a
    • Uwaga ogólna (NP)
    • Od t.5 przew.kom.nauk. Andrzej KostrzewskiBibliogr. Ind
080 -Uniwersalna Klasyfikacja Dziesiętna [ , ]
    • a
    • Symbol klasyfikacji
    • 911/912(100)(02.025.2)
080 -Uniwersalna Klasyfikacja Dziesiętna [ , ]
    • a
    • Symbol klasyfikacji
    • +523.31(02.025.2)
980 -Symbol UKD [ , ]
    • a
    • UKD
    • 911/912(100)(02.025.2)+523.31(02.025.2)
920 -ISBN [ , ]
    • a
    • ISBN
    • 83-87621-91-9 Find
Numer inwentarzowy Status udost. Sygnatura Lokalizacja Data inwentaryzacji
Bl.97811BL.6376BG2001-03-26